000 00525nam a2200193Ia 4500
005 20250326143557.0
008 250326s9999 xx 000 0 und d
020 _a81-7808-752-9
037 _aTextbook
040 _aFMSL
_beng
_cFMSL
041 _aeng
_2eng
084 _aX:89A P3
_qFMSL
100 _aMohanty R P
245 0 _aAdvanced operations management
_cMohanty R P; Deshmukh S G
260 _aDelhi
_bDelhi, Pearson
_c2003
300 _a389p
942 _cTB
_hX:89A P3
999 _c1300139
_d1300139